Heráldica de Cortés (notice nᵒ 9240)
[ vue normale ]
| 000 -Sello discográfico | |
|---|---|
| campo de control de longitud fija | 00880nam a2200337 4500 |
| 005 - Identificación de versión | |
| campo de control | 20251016085146.0 |
| 035 ## - Otros números de control del sistema | |
| Número de control del sistema | 1352 |
| 099 ## - fechas locales | |
| Tipo de ítem Koha | LIBRO |
| 100 ## - Datos de procesamiento general | |
| Datos de procesamiento general | 20030716d1949 m y1spay5003 ba |
| 105 ## - Campo de datos codificados: Material textual, monográfico | |
| Datos codificados de monografía | y 001zy |
| 200 1# - Título y mención de responsabilidad | |
| Título propio | Heráldica de Cortés |
| Designación general del material | texto impreso |
| Primer mención de responsabilidad | Leopoldo Martínez Cosío |
| 210 ## - Publicación, distribución, etc. | |
| Lugar de publicación, distribución, etc. | México |
| Nombre del editor, distribuidor, etc. | Editorial Jus |
| Fecha de publicación, distribución, etc. | 1949 |
| 215 ## - Descripción física | |
| Designación de material específico y extensión del ítem | 221 p |
| Dimensiones | 18 cm |
| 318 ## - Nota de acción | |
| Acción | No se presta a domicilio |
| 345 ## - Nota de información de adquisición | |
| Fuente de adquisición/dirección de la suscripción [OBSOLETO] | Donación |
| 410 #1 - Series | |
| Título | Publicaciones de la Sociedad de Estudios Cortesianos |
| Número de volumen | 2 |
| 600 ## - Nombre personal usado como materia | |
| Elemento de entrada | Cortés |
| Parte del nombre distinta del elemento de entrada | Hernán |
| Fechas | 1485-1547 |
| Número Koha | 2380 |
| 660 ## - Código de área geográfica | |
| Código | MX |
| 676 ## - Clasificación Decimal Dewey | |
| Número | R972.02 S678 v.2 |
| 700 ## - Nombre personal - Responsabilidad primaria | |
| Elemento de entrada | Martínez Cosío |
| Parte del nombre distinta del elemento de entrada | Leopoldo |
| Número Koha | 15597 |
| 801 #0 - Fuente de origen | |
| Agencia | cm |
| 900 ## - | |
| -- | 1/3789 |
| 900 ## - | |
| -- | 7100315536\160703 |
| 942 ## - ELEMENTOS DE ENTRADA SECUNDARIOS (KOHA) | |
| Tipo de ítem Koha | Livre |
Pas d'exemplaire disponible.